000 00337 a2200157 4500
001 62738
020 _a9789604434701
040 _cAnchieta - Pituba
100 _aMalkogianni, Marileni
240 1 0 _aHuck Finn
_lIng
245 1 0 _aHuck Finn
300 _a63
362 0 _a2008
650 4 _aLiteratura juvenil em inglês
942 _cBK
999 _c62738
_d62738